Polskie miasta na Ł według podpowiedzi - Statystyki

Ogólne statystyki
  • Ten quiz został rozwiązany 238 razy
  • Średni wynik to 6 z 10
Statystyki odpowiedzi
Podpowiedź Miasto % Poprawnych
Znane miejsca w tym mieście to Manufaktura, ulica Piotrkowska i Widzew. Łódź
100%
Słynie z dżemów oraz kultury ludowej, w tym wycinanek i pasiaków. Łowicz
87%
To mazowieckie miasto w województwie podlaskim słynie z browaru. Łomża
83%
Leży w bezpośrednim sąsiedztwie Słowińskiego Parku Narodowego. Łeba
70%
Zwierzęce kończyny niedaleko Białegostoku. A jeszcze bliżej Narwiańskiego Parku Narodowego. Łapy
56%
To podrzeszowskie miasto słynie z zamku i produkcji wódki. Łańcut
52%
Prawie jak ten, który kocha najbardziej, tylko z literą różnicy. Województwo zachodniopomorskie. Łobez
50%
Ostatnie miasto przed Warszawą jadąc do niej DK 7 od strony Płońska. Łomianki
45%
Stolica krainy historycznej, w której znajduje się m.in. miasto powyżej. Łęczyca
44%
Najbardziej na wschód wysunięte miasto województwa mazowieckiego. Łosice
33%
Nie znaleziono quizów pasujących do podanych kryteriów
Rozkład punktacji
Procent ludzi z każdym wynikiem
Percentyl według liczby udzielonych odpowiedzi
Twoja historia wyników
Nie rozwiązałeś tego quizu